Rýmařov v dějinách /

Main Author: Karel, Jiří, 1936-2023
Language: Czech
Published: V Rýmařově : Jiří Karel ml., 2021
Edition: 1. vydání
Physical Description: 998 stran : ilustrace (některé barevné), mapy, portréty, plány, faksimile, erby ; 31 cm
Book
Saved in:
LEADER 01586nam a2200445 i 4500
001 nkc20203275357
003 CZ PrNK
005 20210625145240.0
007 ta
008 201209s2021 xr abcee 000 0 cze
015 |a cnb003275357 
020 |a 978-80-270-8944-4  |q (vázáno) 
035 |a (OCoLC)1260124291 
040 |a BOA001  |b cze  |d ABA001  |e rda 
043 |a e-xr---  |b e-xr-mo  |2 czenas 
072 7 |a 94(437)  |x Dějiny Česka a Slovenska  |2 Konspekt  |9 8 
080 |a 94(437.326)  |2 MRF 
080 |a 908(437.326)  |2 MRF 
080 |a (048.8)  |2 MRF 
100 1 |a Karel, Jiří,  |d 1936-2023  |7 ola2002145079  |4 aut 
245 1 0 |a Rýmařov v dějinách /  |c Jiří Karel 
250 |a 1. vydání 
264 1 |a V Rýmařově :  |b Jiří Karel ml.,  |c 2021 
300 |a 998 stran :  |b ilustrace (některé barevné), mapy, portréty, plány, faksimile, erby ;  |c 31 cm 
336 |a text  |b txt  |2 rdacontent 
336 |a statický obraz  |b sti  |2 rdacontent 
337 |a bez média  |b n  |2 rdamedia 
338 |a svazek  |b nc  |2 rdacarrier 
500 |a 500 výtisků 
504 |a Obsahuje bibliografii a bibliografické odkazy 
651 7 |a Rýmařov (Česko)  |7 ge130712  |x dějiny  |2 czenas 
651 7 |a Rýmařov (Česko)  |7 ge130712  |x vlastivěda  |2 czenas 
651 9 |a Rýmařov (Czechia)  |x history and geography  |2 eczenas 
655 7 |a monografie  |7 fd132842  |2 czenas 
655 9 |a monographs  |2 eczenas 
910 2 |a BOA001  |b 4-1464.614 
990 |a BK 
995 |a 01 
991 |b 202106  |c NOV 
996 6 |b 2610865574  |c 4-1464.614  |l MZK  |r Sklad / do 1 hodiny  |n 3  |p p.v.  |w 001851983  |u 000010  |a 1  |e BOA001  |j MZK50  |s P